000
00304nam a2200121Ia 4500
008
210430s9999 xx 000 0 und d
020
_a
0-7493-0075-2
082
_a
954.B5759D
100
_a
Be Nazir Bhutto
_9
54556
245
_a
Daughter of The East
_c
Be Nazir Bhutto
300
_a
402
942
_c
BK
_2
ddc
999
_c
565176
_d
565176